| 000 | 00581nam a22001817a 4500 | ||
|---|---|---|---|
| 005 | 20230511111033.0 | ||
| 008 | 230419b sp |||||||| |||| 00| 0 spa d | ||
| 020 | _a70740997 | ||
| 050 | 0 | 4 |
_aK4285 _bV55 1998 |
| 100 | _4Villanueva, Ernesto | ||
| 245 | 1 | 3 |
_aEl secreto profesional del periodista _b : conceptos y regulación jurídica en el mundo _c / Ernesto Villanueva. |
| 250 | _a1a ed. | ||
| 260 |
_aMadrid : _bFragua, _c1998 |
||
| 300 |
_a72 p. ; _c21 cm. |
||
| 504 | _aBibliografía : p. 69-72 | ||
| 650 | 7 |
_2lemb _aÉtica periodistica _xLegislación |
|
| 942 |
_2lcc _cLIB |
||
| 999 |
_c140743 _d140741 |
||